Statistiques concernant Les Simpson - S09E01 : Homer contre New-York

Cliquez ici pour prendre le quiz!

Statistiques générales

  • Ce quiz a été pris 18 fois
  • Le résultat moyen est 6 sur 10

Statistiques - réponses

QuestionRéponse% Correct
Qui est désigné pour ne pas boire et ramener les autres du bar de Moe ?Barney
94%
Dans quelle ville la voiture est-elle stationnée ?New-York
94%
Pourquoi Homer ne veut-il pas aller dans cette ville ?il en a un mauvais souvenir
89%
Le bâtiment de quel magazine Bart visite-t-il ?Mad
83%
Sur quelle roue le sabot d'immobilisation du véhicule est-il placé ?avant gauche
78%
Quel monument la famille visite-t-elle en premier ?la Statue de la Liberté
67%
Jusqu'à quelle heure Homer doit-il attendre l'agent près de sa voiture ?17h00
44%
De combien est l'amende pour ne pas avoir été présent près de son véhicule lors du passage de l'agent ?250 $
28%
Combien de temps plus tard cette personne fait-elle sa réapparition, tout en ayant perdu la voiture ?deux mois
28%
Quel est le prix du bus pour se rendre sur place ?9 $
17%

Distribution des résultats

Percentile par nombre de réponses

% des personnes avec chaque résultat

Votre développement - résultats

Vous n’avez pas pris ce quiz